| 000 | 01923nam a22002777a 4500 | ||
|---|---|---|---|
| 001 | BRCA_9220 | ||
| 003 | FranzMayer | ||
| 005 | 20220809140156.0 | ||
| 008 | 220726b |||||||| |||| 00| 0 eng d | ||
| 020 | _a9789585227156 | ||
| 040 |
_bspa _cMFM |
||
| 041 | 0 | _aspa | |
| 050 |
_aN4395 _bV53 2021 |
||
| 245 | 0 | 0 |
_aViaje y tornaviaje : _bBienes y rutas del Galeón de Manila : Colección Museo Franz Mayer |
| 260 |
_aBogotá, Colombia : _bMinisterio de Cultura, Museo Nacional de Colombia, _c2021 |
||
| 300 |
_a143 p. : _bfot., map. col. ; _c24 x 28 cm. |
||
| 500 | _aUbicación: L59-N5 | ||
| 500 | _aIncluye imágenes de la Colección Museo Franz Mayer (pp. 54, 58-74, 82-108, 112-113, 115-120, 122-141 ) | ||
| 500 | _aCatálogo de la exposición "Viaje y tornaviaje. Bienes y rutas del Galeón de Manila. Colección Museo Franz Mayer" realizada en el Museo Nacional de Colombia en Bogotá, Colombia (26 de marzo a 27 de mayo de 2021). | ||
| 520 | _aLos siete ejes de la exposición -El viaje intercontinental, Desde Oriente para Occidente, La Compañía de Indias Orientales, La loza blanca de Puebla, Hilos, textiles y marfiles, El arte de la laca y La producción orfebre y la plata de intercambio- presentan los aspectos comerciales y de navegación del Galeón de Manila, los materiales y mercancías que se intercambiaban en el marco de esta ruta comercial y, por supuesto, la influencia artística que tuvo esta empresa transpacífica en las expresiones estéticas del mundo hispanoamericano y europeo durante más de dos siglos. - Juliana Restrepo Tirado, Directora del Museo Nacional de Colombia. | ||
| 610 |
_aMuseo Nacional de Colombia _vExposiciones _xArte _xHistoria _928504 |
||
| 610 |
_aMuseo Franz Mayer (Mexico City, Mexico) _vColecciones _xArte _928505 |
||
| 651 |
_aGaleón de Manila _vExposiciones _xArte _xHistoria _928506 |
||
| 942 |
_2lcc _cB |
||
| 999 |
_c10839 _d10839 |
||